| 000 | 00432nam a2200157Ia 4500 | ||
|---|---|---|---|
| 005 | 20250329102734.0 | ||
| 008 | 231217s9999 xx 000 0 und d | ||
| 020 | _a9788131413715 | ||
| 082 | _a333.9522 USH;1 R | ||
| 100 | _aUsha, A ed. | ||
| 245 | 0 | _aEndangered species and forests : legal perspectives | |
| 260 |
_c2008 _bIcfai _aHyderabad |
||
| 300 | _avii, 209 | ||
| 650 | _aEndangered,species,forests,legal | ||
| 942 | _cAA | ||
| 999 |
_c188677 _d188677 |
||